000 01022nam a22001697a 4500
999 _c64051
_d64051
003 Ge_BSU
005 20260316165147.0
008 260316s1963 ge ||||| |||| 00| 0 geo d
041 _ageo
080 _a631.115.6(479.22) : 330.32 გ-22
245 _aგაფართოებული სოციალისტური კვლავწარმოება საქართველოს კოლმეურნეობებში /
_cნ. პაიჭაძე, ნ. გვიშიანი, უ. ხოფერია, ა. მახარაძე, ა. ბაჯელიძე; [რედ.: ნ. პაიჭაძე].
264 _aთბილისი :
_bცოდნა,
_c 1963.
300 _a177 გვ. :
_bცხრილ. ;
_c24 სმ.
653 _aსაქართველოს კოლმეურნეობები
653 _aგაფართოებული სოციალისტური კვლავწარმოება.
942 _2udc
_cᲬᲘᲒᲜᲘ